[Event "UKR-ch sf U16"]
[Site "Kherson"]
[Date "2007.11.23"]
[Round "8"]
[White "Savenets, Mikhail"]
[Black "Malyi, Viacheslav"]
[Result "1/2-1/2"]
[WhiteElo "1914"]
[BlackElo "2061"]
[PlyCount "89"]
[EventDate "2007.11.16"]
[EventType "swiss"]
[EventRounds "9"]
[EventCountry "UKR"]
[SourceTitle "EXT 2023"]
[Source "ChessBase"]
[SourceDate "2022.10.05"]
[SourceVersion "1"]
[SourceVersionDate "2022.10.05"]
[SourceQuality "1"]

1. d4 Nf6 2. Nc3 d6 3. e4 g6 4. Nf3 Bg7 5. Bc4 0-0 6. 0-0 Bg4 7. h3 Bxf3 8. Qxf3 e5 9. dxe5 dxe5 10. Rd1 Qe7 11. Bg5 c6 12. Rd2 h6 13. Bxf6 Bxf6 14. Rad1 Bg5 15. Rd6 Kg7 16. a3 Rc8 17. g3 Qe8 18. h4 Be7 19. R6d3 b5 20. Ba2 Na6 21. Qe2 Nc5 22. Rf3 f6 23. b4 Nb7 24. Rfd3 Rd8 25. Rxd8 Rxd8 26. Rxd8 Nxd8 27. Qd3 Bf8 28. Ne2 Qe7 29. c4 Qd6 30. Qxd6 Bxd6 31. c5 Be7 32. Kg2 f5 33. f3 Bf6 34. Kh3 fxe4 35. fxe4 h5 36. Kg2 Be7 37. Nc1 Kf6 38. Nd3 Bf8 39. Kh3 Bh6 40. g4 hxg4+ 41. Kxg4 Bd2 42. h5 gxh5+ 43. Kxh5 Nb7 44. Kg4 a5 45. Kh5 1/2-1/2

[Event "UKR-ch sf U16"]
[Site "Kherson"]
[Date "2007.11.20"]
[Round "5"]
[White "Savenets, Mikhail"]
[Black "Kudryashov, Yury"]
[Result "1-0"]
[WhiteElo "1914"]
[BlackElo "1965"]
[PlyCount "115"]
[EventDate "2007.11.16"]
[EventType "swiss"]
[EventRounds "9"]
[EventCountry "UKR"]
[SourceTitle "EXT 2023"]
[Source "ChessBase"]
[SourceDate "2022.10.05"]
[SourceVersion "1"]
[SourceVersionDate "2022.10.05"]
[SourceQuality "1"]

1. d4 Nf6 2. Nc3 g6 3. e4 d6 4. Nf3 Bg7 5. Bc4 0-0 6. 0-0 Nbd7 7. e5 dxe5 8. dxe5 Ng4 9. e6 Nde5 10. exf7+ Nxf7 11. Ng5 Qxd1 12. Rxd1 Nge5 13. Bxf7+ Nxf7 14. Nxf7 Kxf7 15. Nb5 Bf5 16. c3 Rfd8 17. Be3 c6 18. Nd4 a5 19. Nxf5 gxf5 20. Bb6 Rd6 21. Rxd6 exd6 22. Rd1 Ke6 23. Bd4 Bxd4 24. Rxd4 b5 25. Rh4 Ra7 26. Kf1 c5 27. Ke2 b4 28. Kd3 d5 29. f4 Rg7 30. Rh6+ Ke7 31. g3 Kd7 32. Ra6 Re7 33. Rxa5 Kc6 34. cxb4 c4+ 35. Kd2 Rb7 36. a3 Rf7 37. a4 Rb7 38. Ra6+ Kd7 39. b5 d4 40. Rc6 Rc7 41. Rxc7+ Kxc7 42. a5 h5 43. h4 Kb7 44. Kc2 Kc7 45. b3 c3 46. b4 Kb7 47. b6 Ka6 48. b5+ Kb7 49. Kd3 Kb8 50. a6 Ka8 51. Kc2 Kb8 52. b7 Ka7 53. b6+ Kb8 54. Kb3 c2 55. Kxc2 d3+ 56. Kd1 d2 57. a7+ Kxb7 58. Kxd2 1-0

[Event "UKR-ch sf U16"]
[Site "Kherson"]
[Date "2007.11.16"]
[Round "1"]
[White "Linker, Mikhail"]
[Black "Savenets, Mikhail"]
[Result "1-0"]
[WhiteElo "2084"]
[BlackElo "1914"]
[PlyCount "89"]
[EventDate "2007.11.16"]
[EventType "swiss"]
[EventRounds "9"]
[EventCountry "UKR"]
[SourceTitle "EXT 2023"]
[Source "ChessBase"]
[SourceDate "2022.10.05"]
[SourceVersion "1"]
[SourceVersionDate "2022.10.05"]
[SourceQuality "1"]

1. e4 e5 2. Nf3 Nc6 3. Bb5 a6 4. Ba4 Nf6 5. 0-0 Be7 6. Re1 b5 7. Bb3 d6 8. c3 Bg4 9. h3 Bh5 10. a4 0-0 11. Na3 h6 12. d4 exd4 13. cxd4 Bxf3 14. gxf3 b4 15. Nc4 a5 16. Kh1 Qd7 17. Kh2 d5 18. Ne5 Bd6 19. Bf4 Nxe5 20. dxe5 Nh5 21. Qd2 Bc5 22. exd5 Bxf2 23. Re4 Nxf4 24. Rxf4 Bb6 25. Rg4 Qf5 26. f4 Rad8 27. Bc2 Be3 28. Rxg7+ Kxg7 29. Qg2+ Qg6 30. Bxg6 fxg6 31. e6 Rxf4 32. Rf1 Rxf1 33. Qxf1 Rxd5 34. e7 Rd2+ 35. Kh1 Rf2 36. Qxf2 Bxf2 37. e8Q Bb6 38. Kg2 g5 39. Kf3 Kf6 40. Qh5 Kg7 41. Ke4 Bc5 42. Kf5 Bf8 43. Qg6+ Kh8 44. Qf7 Bg7 45. Kg6 1-0